Día mundial de la alimentación 16 de octubre : Los pescadores y sus comunidades /
Guardado en:
| Autor Corporativo: | |
|---|---|
| Formato: | Libro |
| Idioma: | Spanish |
| Publicado: |
[Roma :
FAO,
1986]
|
| Etiquetas: |
Agregar Etiqueta
Sin Etiquetas, Sea el primero en etiquetar este registro!
|
| LEADER | 00500nam a22001335a 4500 | ||
|---|---|---|---|
| 001 | EEA.libagro004544 | ||
| 005 | 20181113100540.0 | ||
| 008 | 130809s1986####it#a##########000#0#spa#d | ||
| 082 | 0 | 4 | |a 639.2 |
| 110 | 2 | |a Organización de las Naciones Unidas para la Agricultura y la Alimentación. | |
| 245 | 1 | 0 | |a Día mundial de la alimentación 16 de octubre : |b Los pescadores y sus comunidades / |c FAO. |
| 260 | |a [Roma : |b FAO, |c 1986] | ||
| 300 | |a 8 p. : |b il. ; |c 30 cm. | ||
| 859 | |a AR-BbBCA |b BIB. AGRONOMIA |h 639.2 |i F218 |p 1991/1789 | ||
